<?xml version="1.0" encoding="UTF-8"?>
<marc:record xmlns:marc="http://www.loc.gov/MARC21/slim">
   <marc:leader>00000nam a2200000 a 4500</marc:leader>
   <marc:datafield ind1="0" ind2="0" tag="245">
      <marc:subfield code="a">Dreier-Memo</marc:subfield>
   </marc:datafield>
   <marc:datafield ind1="0" ind2="0" tag="245">
      <marc:subfield code="b">Der kleine Rabe Socke</marc:subfield>
   </marc:datafield>
   <marc:datafield ind1=" " ind2="1" tag="264">
      <marc:subfield code="b">Amigo Spiel+Freizeit</marc:subfield>
   </marc:datafield>
   <marc:datafield ind1="1" ind2=" " tag="520">
      <marc:subfield code="a">Für 2-6 Spieler
ab 4 Jahren
ca. 15 Minuten

Hier gilt es nicht einfach zwei gleiche Motive zu finden, sondern drei Bildteile, die zusammengehören. Gemeinsam er geben sie ein niedliches Motiv aus der Welt des kleinen Raben Socke. Wer sammelt die meisten Freunde vom kleinen Raben Socke? (amazon)</marc:subfield>
   </marc:datafield>
   <marc:datafield ind1="3" ind2=" " tag="024">
      <marc:subfield code="a">4007396019131</marc:subfield>
   </marc:datafield>
</marc:record>
